1058 1339 1892 1442 1535 1492 1598 1587 1719 1454 1111 1000 1978 1133 1038 1824 1917 1787 1262 1026 1028 1719 1069 1659 1936 1063 1821 1676 1377 1700 1096 1514 1686 1821 1529 1746 1366 1185 1770 1223 1957 1752 1351 1575 1236 1143 1799 1346 1958 1434 1014 1044 1644 1817 1073 1119 1326 1807 1297 1405 1657 1866 1206 1941 1379 1650 1554 1775 1925 1612 1631 1028 1602 1634 1217 1431 1588 1329 1509 1958 1644 1281 1302 1395 1647 1224 1739 1234 1088 1239 1909 1179 1968 1290 1778 1363 1855 1619 1701 BCNSPRNW ULIB Ver.6.0+V

เปลี่ยนเป็นภาษาไทย

Change to English
 แสดงรายละเอียดบรรณานุกรม
  กลับหน้าหลัก

Brief Record : Get Marc (ISO 2709) : E-mail record : QR code < ปิดหน้าต่าง
LEADER : 00000nam 2200000uu 4500
001    13399113178
003     ULIB
008    110930s2548||||th 000 0 tha d
020    9744431466
050 04 QA76.75^bช357บ 2548
100 0  ชัชวาล ศุภเกษม
245 10 100 บทเรียนลัดหัดใช้คอมพิวเตอร์ Windows XP /^cโดย ชัชวาล ศุภเกษม
246 3  ร้อยบทเรียนลัดหัดใช้คอมพิวเตอร์ Windows XP
246 3  หนึ่งร้อยบทเรียนลัดหัดใช้คอมพิวเตอร์ Windows XP
250    พิมพ์ครั้งที่ 1
260    กรุงเทพฯ :^bสมาคมส่งเสริมเทคโนโลยี (ไทย-ญี่ปุ่น),^c2548
300    xi, 302 หน้า :^bภาพประกอบ ;^c22 ซม
650  7 ไมโครซอฟต์วินโดวส์เอ็กซ์พี
650  7 ระบบปฏิบัติการ (คอมพิวเตอร์)
945    ^p139^l0^i022900
995    ทศพร
999 ^a ศิริพร
รายการนี้ยังไม่มีแท็ก
คุณยังไม่ได้ล็อกอิน คุณสามารถมีกิจกรรมร่วมกับเว็บไซต์ได้ แต่ต้องล็อกอินก่อน ::
  ล็อกอิน

รายการสื่อสารสนเทศ

ลำดับที่ ประเภท เลขเรียก/บาร์โค้ด สถานที่ สถานะ
- ไม่พบข้อมูล -

รายการใกล้เคียง
    ผู้แต่ง [ชัชวาล ศุภเกษม]

    หัวเรื่อง [ไมโครซอฟต์วินโดวส์เอ็กซ์พี]
    หัวเรื่อง [ระบบปฏิบัติการ (คอมพิวเตอร์)]

BibComment


ยังไม่เคยถูกคอมเมนท์

คอมเมนท์ทรัพยากรรายการนี้
  คอมเมนท์: 100 บทเรียนลัดหัด..


 Copyright 2026. Bcnsprnw @Library